000
00277nam a22001217a 4500
008
181105b xxu||||| |||| 00| 0 eng d
041
_a
eng
080
_a
101
100
_a
24
101
_a
FIL
245
_a
Contemporary Philosophic Problems
_c
Krikorian,Y.H
942
_2
udc
_c
BK
999
_c
51813
_d
51813